| 000 | 01115nam a22003737a 4500 | ||
|---|---|---|---|
| 001 | BR8905623 | ||
| 003 | BR-BrBNA | ||
| 005 | 20230928093336.0 | ||
| 007 | ta | ||
| 008 | 230509b bl.||||| |||| 00| 0 por d | ||
| 040 |
_aBR-BrBNA _bpor _cBiblioteca Nacional de Agricultura |
||
| 041 | _a(Por) | ||
| 072 |
_aF30; F02; F61 _b0600 _b1000 _b/G514 |
||
| 090 | _ 0600 BR8905623 | ||
| 110 | 1 |
_aSociedade Brasileira de Fruticultura, Campinas, SP (Brasil) _99728 |
|
| 111 | 1 |
_a9. Congresso Brasileiro de Fruticultura _cCampinas, SP (Brazil) _d22-27 Nov 1987 |
|
| 245 | 1 | _aAnais do 9. Congresso Brasileiro de Fruticultura | |
| 260 | 3 |
_aCampinas, SP (Brasil): _c1987. |
|
| 300 | _av. 1-2 | ||
| 650 | _aFRUTA | ||
| 650 | _aFRUTA TROPICAL | ||
| 650 | _aFRUTA CITRICA | ||
| 650 | _aMELHORAMENTO VEGETAL | ||
| 650 | _aPORTA ENXERTO | ||
| 650 | _aENRAIZAMENTO DE ESTACA | ||
| 650 | _aVARIEDADE RESISTENTE | ||
| 650 | _aDOENCA DE PLANTA | ||
| 650 | _aADUBACAO | ||
| 650 | _aNUTRICAO VEGETAL | ||
| 650 | _aERVA DANINHA | ||
| 650 | _aPRATICA CULTURAL | ||
| 909 |
_a202309 _bLucia _c55 _dLucia Elande |
||
| 942 | _cBK | ||
| 999 |
_c44423 _d44423 |
||